Statystyki dla PRZEDMIOTY WYPOSAŻONE W ZAMEK BŁYSKAWICZNY:

Kliknij tutaj aby rozwiązać quiz!

Ogólne statystyki

  • Ten quiz został rozwiązany 52 razy
  • Średni wynik to 4 z 5

Statystyki odpowiedzi

Odpowiedź% Poprawnych
BLUZA
93%
KURTKA
93%
SPODNIE
84%
PLECAK
64%
TOREBKA
59%

Rozkład punktacji

Percentyl według liczby udzielonych odpowiedzi

Procent ludzi z każdym wynikiem

Twoja historia wyników

Nie rozwiązałeś tego quizu